Novákov kresliarsky odkaz

Bibliographic Details
Main Author: Gazdík, Igor, 1943-2006 (Author)
Format: Article
Language:Slovak
Subjects:

MARC

LEADER 00000nab a2200000uu 4500
001 vtls011518977
003 SK-MaSNL
005 20260303181211.0
008 230704|1970 xo |||||||||||||||||slo|
015 |a SNBRB 
035 |a (urnnbn)urn:nbn:sk:snk:ar-001zfz 
035 |a (uuid)cf5230cc-2fa5-4431-86e1-3d4f760cb352 
035 |a urn:nbn:sk:snk-abe7sm 
040 |a SNKBUCL  |b slo  |c SNKBUCL  |e AACR2 
041 0 |a slo 
044 |a xo  |c SK 
100 1 |a Gazdík, Igor,  |d 1943-2006  |4 aut  |9 116364 
245 1 0 |a Novákov kresliarsky odkaz  |c Igor Gazdík 
600 1 7 |a Novák, Ján,  |d 1921-1944  |2 SNKMA  |9 132041 
655 7 |a profily  |2 SNKPH  |9 341977 
773 0 |t Slovenské pohľady  |g Roč. 86, č. 3 (1970), s. 142-143 
850 |a Slovenská národná knižnica 
852 |a Slovenská národná knižnica 
954 |a odborná, vedecká literatúra pôvodná (slovenská)  |2 lita 
958 |a OND 
958 |a EUIPO 
958 |a article21 
999 |c 2109939  |d 2111869